| 000 | 00457nam a2200157 a 4500 | ||
|---|---|---|---|
| 001 | 000025574 | ||
| 005 | 20200930023904.0 | ||
| 008 | 110217s1982 ve r 000 0 spa d | ||
| 040 |
_aDO-SdBNP _bspa _cBNPHU |
||
| 082 |
_axxxxx _bV458c |
||
| 110 | 1 |
_aVenezuela, _bMinisterio de Justicia. _93835 |
|
| 245 | 1 | 0 |
_aCódigo civil 1982 : _bedición oficial. |
| 260 |
_aCaracas, Venezuela : _bImprenta Nacional, _c1982. |
||
| 300 |
_a485 p. ; _c16 cm. |
||
| 049 | _aBNGR | ||
| 999 |
_c25066 _d25066 |
||